| 000 | 00527nam a2200121Ia 4500 | ||
|---|---|---|---|
| 008 | 220615s9999||||xx |||||||||||||| ||und|| | ||
| 100 | _aBoughey, Chrissie||McKenna, Sioux | ||
| 245 | 0 | _aUnderstanding Higher Education: Alternative Perspectives | |
| 546 | _aEnglish[eng] | ||
| 650 | _aHigher Education||Global South||South Africa||Teaching||Learning | ||
| 856 | _uhttps://library.oapen.org/bitstream/20.500.12657/51123/1/9781928502210.pdf||https://library.oapen.org/bitstream/20.500.12657/51123/1/9781928502210.pdf | ||
| 942 | _cEB | ||
| 999 |
_c12539 _d12539 |
||